The Art of public speaking / (Record no. 363073)
[ view plain ]
| 000 -LEADER | |
|---|---|
| fixed length control field | 00621nam a2200229Ia 4500 |
| 008 - FIXED-LENGTH DATA ELEMENTS--GENERAL INFORMATION | |
| fixed length control field | 191119s9999 xx 000 0 und d |
| 020 ## - INTERNATIONAL STANDARD BOOK NUMBER | |
| International Standard Book Number | 978-1-260-54809-9 |
| 050 ## - LIBRARY OF CONGRESS CALL NUMBER | |
| Classification number | MAIN PN 4129.15 |
| 050 ## - LIBRARY OF CONGRESS CALL NUMBER | |
| Item number | .L83 2020 |
| 100 ## - MAIN ENTRY--PERSONAL NAME | |
| Personal name | Lucas, Stephen E. |
| 245 #4 - TITLE STATEMENT | |
| Title | The Art of public speaking / |
| 245 #0 - TITLE STATEMENT | |
| Statement of responsibility, etc | Stephen E. Lucas with Paul Stob. |
| 250 ## - EDITION STATEMENT | |
| Edition statement | 13th Edition |
| 260 ## - PUBLICATION, DISTRIBUTION, ETC. (IMPRINT) | |
| Place of publication, distribution, etc | New York : |
| 260 ## - PUBLICATION, DISTRIBUTION, ETC. (IMPRINT) | |
| Name of publisher, distributor, etc | McGraw-Hill, |
| 260 ## - PUBLICATION, DISTRIBUTION, ETC. (IMPRINT) | |
| Date of publication, distribution, etc | 2020 |
| 300 ## - PHYSICAL DESCRIPTION | |
| Extent | 389 pages : |
| 300 ## - PHYSICAL DESCRIPTION | |
| Other physical details | colored illustrations ; |
| 300 ## - PHYSICAL DESCRIPTION | |
| Dimensions | 26 cm. |
| 500 ## - GENERAL NOTE | |
| General note | Includes bibliographic references and index. |
| 650 ## - SUBJECT ADDED ENTRY--TOPICAL TERM | |
| Topical term or geographic name as entry element | Public speaking. |
| Withdrawn status | Lost status | Damaged status | Home library | Current library | Shelving location | Date acquired | Cost, normal purchase price | Total Checkouts | Full call number | Barcode | Date last seen | Price effective from | Koha item type |
|---|---|---|---|---|---|---|---|---|---|---|---|---|---|
| South Mansfield College | South Mansfield College | 07/30/2019 | 3552.00 | MAIN PN 4129.15 .L83 2020 | SMC04768 | 06/01/2020 | 06/01/2020 | Books |